Hope - XXXTENTACION (Full lyrics) - Statistics

General Stats
  • This quiz has been taken 17 times
  • The average score is 148 of 203
Answer Stats
Lyrics % Correct
a
100%
A
100%
on
100%
the
100%
I
93%
she
93%
yuh,
93%
yuh
93%
every
86%
keep
86%
my
86%
my—
86%
night
86%
night,
86%
no,
86%
Oh
86%
single
86%
yeah,
86%
and
79%
be
79%
die,
79%
don't
79%
fuckin'
79%
I'm
79%
in
79%
kill
79%
mind,
79%
mind
79%
of
79%
please
79%
so
79%
So
79%
to
79%
vibe
79%
cryin',
71%
cryin'
71%
Day
71%
For
71%
for
71%
God,
71%
swear
71%
Swear
71%
tired,
71%
Tired
71%
wanna
71%
when
71%
you
71%
all
64%
not
64%
Okay,
64%
rest
64%
riot,
64%
us,
64%
us
64%
alright,
57%
might
57%
start
57%
What
57%
cheese
50%
Feelin'
50%
feelin'
50%
good,
50%
great
50%
hope
50%
stackin'
50%
better
43%
cross
43%
life
43%
misery,
43%
plate
43%
say?
43%
hate,
36%
I'll
36%
outside
36%
think
36%
up?
36%
way
36%
what's
36%
envisioning
29%
find
29%
Said
29%
There's
14%
No matching quizzes found
Score Distribution
Percent of People with Each Score
Percentile by Number Answered
Your Score History
You have not taken this quiz